LIBRARY & INFORMATION CENTRE, KCAET, TAVANUR

ONLINE PUBLIC ACCESS CATALOGUE (OPAC)

Introduction to animal husbandry in the tropics / (Record no. 10921)

MARC details
000 -LEADER
fixed length control field 00513cam a2200193ua 4500
020 ## - INTERNATIONAL STANDARD BOOK NUMBER
ISBN 0 582 46649 0
041 ## - LANGUAGE CODE
Language code of text/sound track or separate title eng
082 ## - DEWEY DECIMAL CLASSIFICATION NUMBER
Classification number 636
Item number WIL/IN
100 ## - MAIN ENTRY--AUTHOR NAME
Personal name Williamson, G .
245 ## - TITLE STATEMENT
Title Introduction to animal husbandry in the tropics /
250 ## - EDITION STATEMENT
Edition statement 2 /
260 ## - PUBLICATION, DISTRIBUTION, ETC. (IMPRINT)
Place of publication London :
Name of publisher Longman Group Limited ,
Year of publication 1975.
300 ## - PHYSICAL DESCRIPTION
Number of Pages 447 ; .
700 1# - ADDED ENTRY--PERSONAL NAME
Personal name Payne, W J A .
942 ## - ADDED ENTRY ELEMENTS (KOHA)
Koha item type Books
Holdings
Withdrawn status Lost status Damaged status Home library Current library Date acquired Full call number Accession Number Koha item type
      KAUAET KAUAET 07/04/2012 636 14060 Books
free website counter